[Event "Ploiesti Master op"]
[Site "Ploiesti"]
[Date "2003.06.06"]
[Round "8"]
[White "Catereniuc, Dragos"]
[Black "Doncea, Vladimir"]
[Result "1-0"]
[WhiteElo "2170"]
[BlackElo "2202"]
[PlyCount "67"]
[EventDate "2003.05.30"]
[EventType "swiss"]
[EventRounds "9"]
[EventCountry "ROU"]
[SourceTitle "EXT 2004"]
[Source "ChessBase"]
[SourceDate "2003.11.25"]
[SourceVersion "1"]
[SourceVersionDate "2003.11.25"]
[SourceQuality "1"]

1. d4 c5 2. e3 Nf6 3. Nf3 b6 4. Bd3 Bb7 5. Nbd2 d5 6. c3 g6 7. 0-0 Bg7 8. Qe2 0-0 9. Rd1 Nbd7 10. e4 dxe4 11. Nxe4 cxd4 12. Nxd4 Qc7 13. Bg5 h6 14. Bh4 e5 15. Nb5 Qc6 16. Nbd6 g5 17. Nxb7 Qxb7 18. Bg3 Rad8 19. Qf3 Qc6 20. Qf5 Rfe8 21. h4 g4 22. Bc2 h5 23. Rd6 Qb5 24. Rad1 Nxe4 25. Bxe4 Re7 26. R1d2 Qc4 27. Qh7+ Kf8 28. Bd5 Qc7 29. Rg6 Ke8 30. Rxg7 Nf8 31. Rg8 Red7 32. Qg7 Qc5 33. Qxe5+ Re7 34. Rxf8+ 1-0

[Event "Ploiesti Master op"]
[Site "Ploiesti"]
[Date "2003.06.02"]
[Round "4"]
[White "Catereniuc, Dragos"]
[Black "Pogorevici, Leonid"]
[Result "1-0"]
[WhiteElo "2170"]
[BlackElo "2097"]
[PlyCount "41"]
[EventDate "2003.05.30"]
[EventType "swiss"]
[EventRounds "9"]
[EventCountry "ROU"]
[SourceTitle "EXT 2004"]
[Source "ChessBase"]
[SourceDate "2003.11.25"]
[SourceVersion "1"]
[SourceVersionDate "2003.11.25"]
[SourceQuality "1"]

1. d4 d5 2. Nf3 Nf6 3. e3 e6 4. Bd3 Be7 5. Nbd2 b6 6. c3 0-0 7. Qe2 a5 8. e4 dxe4 9. Nxe4 Nbd7 10. 0-0 Bb7 11. Neg5 h6 12. Nh3 Re8 13. Nf4 Nf8 14. Ne5 Qc8 15. Nh5 c5 16. Nxg7 Kxg7 17. Qe3 Ng8 18. Qg3+ Bg5 19. f4 f6 20. fxg5 hxg5 21. Rxf6 1-0

[Event "Centrocoop June op-A"]
[Site "Eforie Nord"]
[Date "1999.06.??"]
[Round "?"]
[White "Nechifor, Bogdan"]
[Black "Catereniuc, Dragos"]
[Result "0-1"]
[WhiteElo "2220"]
[BlackElo "2198"]
[PlyCount "118"]
[EventDate "1999.06.??"]
[EventType "swiss"]
[EventRounds "11"]
[EventCountry "ROU"]
[SourceTitle "EXT 2004"]
[Source "ChessBase"]
[SourceDate "2003.11.25"]
[SourceVersion "1"]
[SourceVersionDate "2003.11.25"]
[SourceQuality "1"]

1. e4 e6 2. d4 d5 3. Nd2 Nf6 4. e5 Nfd7 5. Bd3 c5 6. c3 Nc6 7. Ne2 Be7 8. 0-0 0-0 9. Nf3 cxd4 10. cxd4 f5 11. exf6 Nxf6 12. Nf4 Bd6 13. Re1 Ne4 14. Bxe4 Bxf4 15. Bxf4 Rxf4 16. Bc2 Qf6 17. Qd3 g6 18. Rad1 Bd7 19. a3 a6 20. Qe3 Rf8 21. Rd2 Qg7 22. Ne5 Nxe5 23. Qxe5 Qxe5 24. Rxe5 Rc8 25. g3 Rff8 26. h4 Kg7 27. h5 a5 28. hxg6 hxg6 29. f4 Rh8 30. Kg2 Kf6 31. g4 b5 32. Bd3 Rc1 33. g5+ Kf7 34. Bf1 Rh4 35. Kg3 Rh1 36. Bg2 Rhd1 37. Ree2 b4 38. axb4 axb4 39. Bh3 Ke7 40. Kf2 Kd6 41. Kg3 Rg1+ 42. Rg2 Rge1 43. Bg4 Bb5 44. Bf3 Re3 45. Kf2 Rd3 46. Rxd3 Bxd3 47. Ke3 Bf5 48. Rd2 Rb1 49. Bd1 Rc1 50. Kf2 Kc6 51. Ba4+ Kb6 52. Bd1 Kb5 53. Ke3 Kc4 54. Be2+ Kb3 55. Bd1+ Ka2 56. b3+ Kb1 57. Kf2 Rc3 58. Ke1 Kc1 59. Rg2 Re3+ 0-1

[Event "Revelion op"]
[Site "Romania"]
[Date "1999.??.??"]
[Round "?"]
[White "Catereniuc, Dragos"]
[Black "Pachia, Mihai"]
[Result "1/2-1/2"]
[WhiteElo "2195"]
[BlackElo "1800"]
[PlyCount "140"]
[EventDate "1999.??.??"]
[EventType "swiss"]
[EventRounds "7"]
[EventCountry "ROU"]
[SourceTitle "EXT 2004"]
[Source "ChessBase"]
[SourceDate "2003.11.25"]
[SourceVersion "1"]
[SourceVersionDate "2003.11.25"]
[SourceQuality "1"]

1. d4 Nf6 2. Nf3 c5 3. e3 d5 4. c3 Bf5 5. Nbd2 e6 6. Ne5 Nc6 7. Bb5 Qb6 8. Qa4 Rc8 9. Nb3 c4 10. Na5 Bc2 11. b3 cxb3 12. axb3 a6 13. Bxc6+ bxc6 14. Nexc6 Bxb3 15. Nxb3 Qxc6 16. Qxc6+ Rxc6 17. Bd2 Ne4 18. f3 Nxc3 19. Rc1 Bb4 20. Nc5 Na2 21. Ra1 Bxd2+ 22. Kxd2 Nb4 23. Rhb1 Rb6 24. Ra4 a5 25. Rxa5 Rb8 26. Ra4 Nc6 27. Rxb8+ Nxb8 28. Ra8 0-0 29. g4 Nc6 30. Ra6 Ne7 31. h4 h5 32. Ke2 Ng6 33. gxh5 Nxh4 34. Ra7 Nf5 35. Nd7 Ng3+ 36. Kf2 Nxh5 37. Nxf8 Kxf8 38. e4 Nf6 39. Ke3 g5 40. Ra2 Kg7 41. Rg2 Kg6 42. Rh2 Nh5 43. Rc2 Nf4 44. Rh2 Kg7 45. Ra2 Ng6 46. Rg2 f6 47. Ra2 Nf4 48. Rh2 Kg6 49. Ra2 f5 50. Ra8 dxe4 51. fxe4 Nh5 52. d5 exd5 53. Ra6+ Kf7 54. exf5 Ng3 55. Kd4 Nxf5+ 56. Kxd5 Ne7+ 57. Ke5 Kg7 58. Ke6 Ng8 59. Kf5 Ne7+ 60. Kxg5 Kf7 61. Kf4 Ng8 62. Ke5 Ne7 63. Ra7 Kf8 64. Ke6 Ng8 65. Rh7 Ke8 66. Rg7 Kf8 67. Rf7+ Ke8 68. Rf5 Ne7 69. Rc5 Kf8 70. Rc7 Ng8 1/2-1/2

[Event "Herculane op"]
[Site "Herculane"]
[Date "1998.??.??"]
[Round "?"]
[White "Catereniuc, Dragos"]
[Black "Butunoi, Alexandru Victor"]
[Result "1-0"]
[WhiteElo "2400"]
[BlackElo "2190"]
[PlyCount "57"]
[EventDate "1998.12.??"]
[EventType "swiss"]
[EventRounds "9"]
[EventCountry "ROU"]
[SourceTitle "EXT 2004"]
[Source "ChessBase"]
[SourceDate "2003.11.25"]
[SourceVersion "1"]
[SourceVersionDate "2003.11.25"]
[SourceQuality "1"]

1. d4 Nf6 2. Nf3 g6 3. Bg5 Bg7 4. Nbd2 0-0 5. e4 d6 6. Bd3 Nbd7 7. 0-0 e5 8. c3 h6 9. Bh4 g5 10. Bg3 Nh5 11. Re1 Nf4 12. Bc2 Nb6 13. Nf1 Qf6 14. Ne3 h5 15. dxe5 dxe5 16. Bxf4 Qxf4 17. Nf5 Bxf5 18. exf5 Rad8 19. Qb1 f6 20. Re4 Qxf5 21. Rxe5 Qg4 22. Bb3+ Kh8 23. Qg6 fxe5 24. Nxg5 Qxg5 25. Qxg5 Rd6 26. Qxh5+ Rh6 27. Qg5 e4 28. Re1 Nd7 29. Rxe4 1-0

[Event "Centrocoop Sept op-A"]
[Site "Eforie Nord"]
[Date "1998.??.??"]
[Round "?"]
[White "Catereniuc, Dragos"]
[Black "Danin, Alexandre"]
[Result "1/2-1/2"]
[WhiteElo "2245"]
[BlackElo "1750"]
[PlyCount "55"]
[EventDate "1998.09.??"]
[EventType "swiss"]
[EventRounds "11"]
[EventCountry "ROU"]
[SourceTitle "EXT 2000"]
[Source "ChessBase"]
[SourceDate "1999.11.16"]
[SourceVersion "1"]
[SourceVersionDate "1999.11.16"]
[SourceQuality "1"]

1. d4 Nf6 2. Bg5 d5 3. Nf3 e6 4. e3 Be7 5. Nbd2 0-0 6. Bd3 h6 7. Bh4 b6 8. 0-0 Bb7 9. Ne5 Nbd7 10. f4 Ne4 11. Nxd7 Qxd7 12. Bxe7 Qxe7 13. Bxe4 dxe4 14. c3 Ba6 15. Rf2 f5 16. Qb3 Kh7 17. Rd1 c5 18. Nc4 cxd4 19. Rxd4 Bxc4 20. Qxc4 Rac8 21. Qa4 Rfd8 22. Rfd2 Rxd4 23. Qxd4 Rc5 24. c4 b5 25. cxb5 Rxb5 26. Qd7 Qb4 27. h3 Qc5 28. Kf2 1/2-1/2

[Event "Herculane op"]
[Site "Herculane"]
[Date "1998.??.??"]
[Round "?"]
[White "Manoliu, Marian"]
[Black "Catereniuc, Dragos"]
[Result "0-1"]
[WhiteElo "1970"]
[BlackElo "2245"]
[PlyCount "48"]
[EventDate "1998.12.??"]
[EventType "swiss"]
[EventRounds "9"]
[EventCountry "ROU"]
[SourceTitle "EXT 2004"]
[Source "ChessBase"]
[SourceDate "2003.11.25"]
[SourceVersion "1"]
[SourceVersionDate "2003.11.25"]
[SourceQuality "1"]

1. e4 e6 2. d4 d5 3. Nc3 dxe4 4. Nxe4 Nd7 5. Nf3 Be7 6. Bd3 Ngf6 7. h3 c5 8. Be3 cxd4 9. Bxd4 0-0 10. Qe2 Qc7 11. 0-0-0 Nd5 12. Neg5 h6 13. Nxe6 Qa5 14. Nxf8 Bxf8 15. Kb1 Nb4 16. Bc4 Nb6 17. Bb3 Bf5 18. Bc3 Rc8 19. g4 Bh7 20. Rhe1 Rxc3 21. Bxf7+ Kh8 22. bxc3 Nxc2 23. Rd8 Na3+ 24. Ka1 Qxc3+ 0-1

[Event "Centrocoop Sept op-A"]
[Site "Eforie Nord"]
[Date "1998.??.??"]
[Round "?"]
[White "Urmosi, Al"]
[Black "Catereniuc, Dragos"]
[Result "0-1"]
[WhiteElo "1695"]
[BlackElo "2245"]
[PlyCount "52"]
[EventDate "1998.09.??"]
[EventType "swiss"]
[EventRounds "11"]
[EventCountry "ROU"]
[SourceTitle "EXT 2000"]
[Source "ChessBase"]
[SourceDate "1999.11.16"]
[SourceVersion "1"]
[SourceVersionDate "1999.11.16"]
[SourceQuality "1"]

1. Nf3 Nf6 2. d4 d5 3. e3 Bf5 4. Bd3 Bxd3 5. Qxd3 Nbd7 6. b3 e6 7. c4 c6 8. 0-0 Bd6 9. Bb2 0-0 10. Nbd2 Qc7 11. c5 Be7 12. b4 b6 13. a4 a5 14. Ba3 axb4 15. Bxb4 bxc5 16. Bc3 Rfb8 17. Qc2 c4 18. Ne5 Bb4 19. f4 c5 20. Rf3 Ra6 21. Rh3 Rba8 22. Nb1 Ne4 23. Bb2 Nxe5 24. fxe5 Qc6 25. Bc3 Rxa4 26. Rxa4 Qxa4 0-1